000 00524nab a2200145Ia 4500
003 ES-SlBCS
005 20210601125312.0
008 140529s2004 xxu||||| |||| 00| 0 eng d
041 _aeng
100 1 _aTanney, Julia
_9156474
245 0 0 _aOn the Conceptual, Psychological, and Moral Status of Zombies, Swamp-Beings, and Other Behaviouraly Indistinguishable Creatures
_c Julia Tanney
650 0 4 _aZombis
_9138685
773 0 _tPhilosophy and Phenomenological Research
_gvol. 69, 2004, págs. 173-186
_wRev1411
942 _cAR
999 _c528099
_d528099